Estadísticas para Nombra un Estado de EE.UU. A-Z

Haz click aquí para intentar la prueba.

Estadísticas generales

  • Esta prueba ha sido intentada 139 veces
  • La puntuación promedio es 17 de 18

Estadísticas de respuestas

LetraEstado% Correcto
AAlabama | Alaska | Arizona | Arkansas
98%
CCalifornia | Carolina del Norte | Colorado +2
98%
IIdaho | Illinois | Indiana +1
97%
NNebraska | Nevada | Nueva Jersey +3
97%
OOhio | Oklahoma | Oregón
97%
WWashington | Wisconsin | Wyoming
97%
KKansas | Kentucky
96%
MMaine | Maryland | Massachusetts +5
96%
DDakota del Norte | Dakota del Sur | Delaware
94%
TTennessee | Texas
94%
VVermont | Virginia | Virginia Occidental
91%
FFlorida
90%
GGeorgia
90%
PPensilvania
88%
HHawái
86%
UUtah
86%
LLuisiana
83%
RRhode Island
82%

Distribución de puntuación

Porcentaje por número respondido

Porcentaje de gente con cada puntuación

Historial de tus puntuaciones

No has intentado esta prueba.